[Event "Negambo op 4th"]
[Site "Negambo"]
[Date "2018.08.20"]
[Round "10"]
[White "Akash, PA Oditha"]
[Black "Munasinghe, Chanaka Aruna"]
[Result "0-1"]
[WhiteElo "1509"]
[BlackElo "1768"]
[PlyCount "98"]
[EventDate "2018.08.16"]
[EventType "swiss"]
[EventRounds "10"]
[EventCountry "SRI"]
[SourceTitle "CBM 186 Extra"]
[Source "ChessBase"]
[SourceDate "2018.08.24"]
[SourceVersion "1"]
[SourceVersionDate "2018.08.24"]
[SourceQuality "1"]

1. d4 Nf6 2. Nf3 c5 3. c3 e6 4. Bf4 b6 5. Nbd2 Bb7 6. e3 Be7 7. Bd3 0-0 8. Qc2 d5 9. Ne5 cxd4 10. exd4 Nc6 11. 0-0 Rc8 12. Qd1 Nxe5 13. dxe5 Ne4 14. Re1 Nc5 15. Bc2 d4 16. c4 d3 17. Bb1 Qd4 18. Be3 Qxb2 19. Nb3 Nxb3 20. Qxb3 Qxa1 21. Qxd3 g6 22. Bd4 Rfd8 23. Bxa1 Rxd3 24. Bxd3 Ba6 25. Rc1 Bc5 26. Bf1 b5 27. Rc3 b4 28. Rc1 Rd8 29. Rc2 Rd1 30. Bb2 Bb7 31. Re2 a5 32. h3 a4 33. a3 bxa3 34. Bc3 Ba6 35. Re4 a2 36. g4 a1Q 37. Bxa1 Rxa1 38. h4 a3 39. Kg2 Bb7 40. f3 Bxe4 41. fxe4 a2 42. h5 Rc1 43. hxg6 a1Q 44. gxh7+ Kxh7 45. Be2 Qd4 46. Bf3 Qf2+ 47. Kh3 Qxf3+ 48. Kh4 Be7+ 49. Kh5 Rh1# 0-1